00588nam a2200193Ia 450000500170000000800410001704000190005804100120007708200180008910000140010724500520012125000460017326000360021930000290025550400320028465000460031665100220036285000100038420240228094549.0131103s9999 xx 000 0 und d aLoreto College aEnglish a370.954 bNAI aNaik,J.P. aEquality, Quality and Quality, b cJ.P.Naik athe elusive traingle in Indian education  aBombaybAllied Publishersc1975 av,142 p.b illus.,tables aIncludes appendices & index aIndian Council of Social Science Research aEducation - India aLCLIB